000 01158nam a2200325 i 4500
999 _c200434863
_d53075
001 200434863
003 TR-AnTOB
005 20241125111745.0
007 ta
008 180619s2017 tu d b 001 0 tur d
020 _a9786052270035
_q(paperback)
040 _aBGZ
_beng
_erda
_cBGZ
_dTR-AnTOB
041 0 _atur
050 4 _aLB3228.T9
090 _aLB3228.T9
_bE85 2017
100 1 _aEşidir, Yusuf
_4author
_9123287
245 1 0 _aYükseköğretimde barınma politikalarının değerlendirilmesi ve Türkiye için öneriler :
_buzmanlık tezi /
_cYusuf Eşidir.
264 1 _aAnkara :
_bT.C. Kalkınma Bakanlığı,
_c2017
300 _axv, 167 pages :
_bcharts ;
_c24 cm.
336 _atext
_btxt
_2rdacontent
337 _aunmediated
_bn
_2rdamedia
338 _avolume
_bnc
_2rdacarrier
490 0 _aT.C. Kalkınma Bakanlığı ;
_v2976
504 _aIncludes bibliographical references (pages 160-165) and index.
650 7 _aYurtlar
_vİstatistik
_zTürkiye
_2etuturkob
_9123289
650 0 _aEğitim, Yüksek
_zTürkiye
_981935
710 1 _aYüksek Öğrenim Kredi ve Yurtlar Kurumu (Turkey)
_9123291
942 _2lcc
_cBK